Two-scale finite element techniques in engineering mechanics

Bibliographic Details
Main Author: Vala, Jiří (Author)
Format: Article
Language:Slovak
English
ISSN:0039-2472
Subjects:

MARC

LEADER 00000nab a2200000 a 4500
001 vtls008886828
003 SK-MaSNL
005 20260304135958.0
008 250505c2006 xo |||||||||||000 b|slo
015 |a SNBRB2006/11  |2 snkbucl 
035 |a (uuid)fc6c0ae2-3365-40ec-88c9-177db8365c3f 
035 |a urn:nbn:sk:snk-abc14n 
035 |a (urnnbn)urn:nbn:sk:snk:ar-a09v2e 
038 |a SNKBUCL 
040 |a SNKBUCL  |b slo  |c SNKBUCL  |e AACR2 
041 0 |a eng 
044 |a xo  |c SK 
080 |a 531.8:519.63  |2 1997 
080 |a 519.63  |2 1997 
100 1 |a Vala, Jiří  |4 aut  |9 366766 
245 1 0 |a Two-scale finite element techniques in engineering mechanics  |c Jiří Vala 
246 3 1 |a Dvojškálová metóda konečných prvkov v inžinierskej mechanike 
504 |a Bibliogr. odkazy 
546 |a Res. angl. 
650 0 7 |a technická mechanika  |2 snkbucl  |9 67176 
650 0 7 |a metóda konečných prvkov  |2 snkbucl  |9 15028 
773 0 |t Strojnícky časopis = Journal of mechanical engineering  |g Roč. 57, č. 3 (2006), s. 127-140  |x 0039-2472 
850 |a Slovenská národná knižnica 
852 |a Slovenská národná knižnica 
958 |a article15 
958 |a OND 
958 |a NB 
958 |a EUIPO 
999 |c 2913006  |d 2914936